000 01190nam a2200313Ia 4500
001 ebr10236578
003 CaPaEBR
006 m u
007 cr cn|||||||||
008 010626s2002 enka sb 001 0 eng d
010 _z 2001037815
020 _z9780632048045
020 _z0632048042
040 _aCaPaEBR
_cCaPaEBR
035 _a(OCoLC)646755374
050 1 4 _aRT42
_b.C43 2002eb
245 0 4 _aThe challenge of sexuality in health care
_h[electronic resource] /
_c[edited by] Hazel Heath and Isabel White.
260 _aOxford ;
_aMalden, MA :
_bBlackwell Science,
_c2002.
300 _ax, 286 p. :
_bill.
504 _aIncludes bibliographical references and index.
533 _aElectronic reproduction.
_bPalo Alto, Calif. :
_cebrary,
_d2009.
_nAvailable via World Wide Web.
_nAccess may be limited to ebrary affiliated libraries.
650 0 _aSex (Psychology)
650 0 _aHolistic nursing.
655 7 _aElectronic books.
_2local
700 1 _aHeath, Hazel B. M.
700 1 _aWhite, Isabel.
710 2 _aebrary, Inc.
856 4 0 _uhttp://site.ebrary.com/lib/rucke/Doc?id=10236578
_zAn electronic book accessible through the World Wide Web; click to view
999 _c36486
_d36486